000
00221nam a22000857a 4500
008
170228b xxu||||| |||| 00| 0 eng d
100
_9
2945
_a
Kumar.Set al
245
_a
Commmunicative English -1-5
260
_a
New Delhi
_b
FB
_c
2012
999
_c
6187
_d
6187